Statistics for The Americas Geography by letters DEF. Excluding the U.S.

Click here to take the quiz!

General Stats

  • This quiz has been taken 28 times
  • The average score is 12 of 20

Answer Stats

Hint Answer % Correct
Capital of Dominican Republic, Santo _______Santo Domingo
100%
Caribbean non-bordering island nationDominica
96%
Capital of AlbertaEdmonton
96%
South American nationEcuador
91%
Central American nationEl Salvador
91%
"E" in "PEI"Edward
70%
Major city in northern BrazilFortaleza
61%
Islas MalvinasFalkland Islands
61%
Lake with the southernmost point of land in CanadaLake Erie
57%
Overseas department in South AmericaFrench Guiana
52%
Rapa NuiEaster Island
52%
Island with the northernmost point of land in CanadaEllesmere Island
52%
Impenetrable jungle between Panama & ColombiaDarién Gap
48%
Currency of GuadeloupeEuro
43%
Currency of SurinameDollar
43%
Mountainous Mexican stateDurango
39%
Capital of New BrunswickFredericton
35%
Hurricane that struck The Bahamas badly in 2019Dorian
35%
Capital of MartiniqueFort-de-France
26%
Most famous resort town in Uruguay, Punta del ____Punta del Este
22%

Score Distribution

Percentile by Number Answered

Percent of People with Each Score

Your Score History

You have not taken this quiz